Library Banner

Nature in America (Record no. 80220)

MARC details
000 -LEADER
fixed length control field 00354nam a2200157Ia 4500
001 - CONTROL NUMBER
control field 69722
008 - FIXED-LENGTH DATA ELEMENTS--GENERAL INFORMATION
fixed length control field 151205s9999||||xx |||||||||||||| ||und||
020 ## - INTERNATIONAL STANDARD BOOK NUMBER
International Standard Book Number 0895773767
040 ## - CATALOGING SOURCE
Transcribing agency PK-LaUMT
082 ## - DEWEY DECIMAL CLASSIFICATION NUMBER
Classification number 508.73
Item number NAT-
245 ## - TITLE STATEMENT
Title Nature in America
260 ## - PUBLICATION, DISTRIBUTION, ETC. (IMPRINT)
Place of publication, distribution, etc New York,USA:
Name of publisher, distributor, etc Reader Digest,
Date of publication, distribution, etc 1991
300 ## - PHYSICAL DESCRIPTION
Extent 456 p.
546 ## - LANGUAGE NOTE
Language note EN
942 ## - ADDED ENTRY ELEMENTS (KOHA)
Koha item type Books
Holdings
Withdrawn status Lost status Damaged status Not for loan Home library Current library Date acquired Total Checkouts Full call number Barcode Date last seen Price effective from Koha item type
        UMT Main Campus UMT Main Campus 2015-12-04   508.73 NAT- 93711 2015-12-05 2015-12-05 Books